<?xml version="1.0" encoding="UTF-8"?>
<record
    xmlns:xsi="http://www.w3.org/2001/XMLSchema-instance"
    xsi:schemaLocation="http://www.loc.gov/MARC21/slim http://www.loc.gov/standards/marcxml/schema/MARC21slim.xsd"
    xmlns="http://www.loc.gov/MARC21/slim">

  <leader>00578nam a2200229Ia 4500</leader>
  <controlfield tag="005">20230328134846.0</controlfield>
  <controlfield tag="008">230125s9999    xx            000 0 und d</controlfield>
  <datafield tag="020" ind1=" " ind2=" ">
    <subfield code="a">978-93-5024-908-6</subfield>
  </datafield>
  <datafield tag="041" ind1=" " ind2=" ">
    <subfield code="a">eng</subfield>
  </datafield>
  <datafield tag="082" ind1=" " ind2=" ">
    <subfield code="a">332.1</subfield>
    <subfield code="b">JHA</subfield>
  </datafield>
  <datafield tag="100" ind1=" " ind2=" ">
    <subfield code="a">Jha S M</subfield>
    <subfield code="9">106282</subfield>
  </datafield>
  <datafield tag="245" ind1=" " ind2=" ">
    <subfield code="a">Bank Marketing</subfield>
  </datafield>
  <datafield tag="250" ind1=" " ind2=" ">
    <subfield code="a">2nd ed</subfield>
  </datafield>
  <datafield tag="260" ind1=" " ind2=" ">
    <subfield code="c">2011</subfield>
    <subfield code="b">Himalaya Publishing House</subfield>
    <subfield code="a">Pune</subfield>
  </datafield>
  <datafield tag="300" ind1=" " ind2=" ">
    <subfield code="a">379p</subfield>
  </datafield>
  <datafield tag="500" ind1=" " ind2=" ">
    <subfield code="a">Banking;Bank Marketing</subfield>
  </datafield>
  <datafield tag="650" ind1=" " ind2=" ">
    <subfield code="a">Banking;Bank Marketing</subfield>
    <subfield code="9">180889</subfield>
  </datafield>
  <datafield tag="700" ind1=" " ind2=" ">
    <subfield code="a">Jha S M</subfield>
    <subfield code="9">106282</subfield>
  </datafield>
  <datafield tag="906" ind1=" " ind2=" ">
    <subfield code="b">119.35</subfield>
  </datafield>
  <datafield tag="942" ind1=" " ind2=" ">
    <subfield code="c">BK</subfield>
  </datafield>
  <datafield tag="999" ind1=" " ind2=" ">
    <subfield code="c">84630</subfield>
    <subfield code="d">84630</subfield>
  </datafield>
  <datafield tag="952" ind1=" " ind2=" ">
    <subfield code="0">0</subfield>
    <subfield code="1">0</subfield>
    <subfield code="4">0</subfield>
    <subfield code="7">0</subfield>
    <subfield code="a">HIMR</subfield>
    <subfield code="b">HIMR</subfield>
    <subfield code="d">2016-12-06</subfield>
    <subfield code="e">Suyog Enterprises</subfield>
    <subfield code="g">385.00</subfield>
    <subfield code="i">SE/SI/3559</subfield>
    <subfield code="l">0</subfield>
    <subfield code="o">332.1 JHA B14612</subfield>
    <subfield code="p">HIMR-BK-14612</subfield>
    <subfield code="r">2023-01-25 00:00:00</subfield>
    <subfield code="v">265.65</subfield>
    <subfield code="w">2016-12-02</subfield>
    <subfield code="y">BK</subfield>
    <subfield code="z">B14612</subfield>
  </datafield>
  <datafield tag="952" ind1=" " ind2=" ">
    <subfield code="0">0</subfield>
    <subfield code="1">0</subfield>
    <subfield code="4">0</subfield>
    <subfield code="7">0</subfield>
    <subfield code="a">HIMR</subfield>
    <subfield code="b">HIMR</subfield>
    <subfield code="d">2012-02-27</subfield>
    <subfield code="e">Himalaya publishing house</subfield>
    <subfield code="g">350.00</subfield>
    <subfield code="i">A006047</subfield>
    <subfield code="l">0</subfield>
    <subfield code="o">332.1 JHA B10831</subfield>
    <subfield code="p">HIMR-BK-10831</subfield>
    <subfield code="r">2023-01-25 00:00:00</subfield>
    <subfield code="v">262.00</subfield>
    <subfield code="w">2011-11-16</subfield>
    <subfield code="y">BK</subfield>
    <subfield code="z">B10831</subfield>
  </datafield>
  <datafield tag="952" ind1=" " ind2=" ">
    <subfield code="0">0</subfield>
    <subfield code="1">0</subfield>
    <subfield code="4">0</subfield>
    <subfield code="7">0</subfield>
    <subfield code="a">HIMR</subfield>
    <subfield code="b">HIMR</subfield>
    <subfield code="d">2012-02-27</subfield>
    <subfield code="e">Himalaya publishing house</subfield>
    <subfield code="g">350.00</subfield>
    <subfield code="i">A006047</subfield>
    <subfield code="l">0</subfield>
    <subfield code="o">332.1 JHA B10830</subfield>
    <subfield code="p">HIMR-BK-10830</subfield>
    <subfield code="r">2023-01-25 00:00:00</subfield>
    <subfield code="v">262.00</subfield>
    <subfield code="w">2011-11-16</subfield>
    <subfield code="y">BK</subfield>
    <subfield code="z">B10830</subfield>
  </datafield>
  <datafield tag="952" ind1=" " ind2=" ">
    <subfield code="0">0</subfield>
    <subfield code="1">0</subfield>
    <subfield code="4">0</subfield>
    <subfield code="7">0</subfield>
    <subfield code="a">HIMR</subfield>
    <subfield code="b">HIMR</subfield>
    <subfield code="d">2012-02-27</subfield>
    <subfield code="e">Himalaya publishing house</subfield>
    <subfield code="g">350.00</subfield>
    <subfield code="i">A006047</subfield>
    <subfield code="l">0</subfield>
    <subfield code="o">332.1 JHA B10829</subfield>
    <subfield code="p">HIMR-BK-10829</subfield>
    <subfield code="r">2023-01-25 00:00:00</subfield>
    <subfield code="v">262.00</subfield>
    <subfield code="w">2011-11-16</subfield>
    <subfield code="y">BK</subfield>
    <subfield code="z">B10829</subfield>
  </datafield>
  <datafield tag="952" ind1=" " ind2=" ">
    <subfield code="0">0</subfield>
    <subfield code="1">0</subfield>
    <subfield code="4">0</subfield>
    <subfield code="7">0</subfield>
    <subfield code="a">HIMR</subfield>
    <subfield code="b">HIMR</subfield>
    <subfield code="d">2012-02-27</subfield>
    <subfield code="e">Himalaya publishing house</subfield>
    <subfield code="g">350.00</subfield>
    <subfield code="i">A006047</subfield>
    <subfield code="l">0</subfield>
    <subfield code="o">332.1 JHA B10828</subfield>
    <subfield code="p">HIMR-BK-10828</subfield>
    <subfield code="r">2023-01-25 00:00:00</subfield>
    <subfield code="v">262.00</subfield>
    <subfield code="w">2011-11-16</subfield>
    <subfield code="y">BK</subfield>
    <subfield code="z">B10828</subfield>
  </datafield>
  <datafield tag="952" ind1=" " ind2=" ">
    <subfield code="0">0</subfield>
    <subfield code="1">0</subfield>
    <subfield code="4">0</subfield>
    <subfield code="7">0</subfield>
    <subfield code="a">HIMR</subfield>
    <subfield code="b">HIMR</subfield>
    <subfield code="d">2012-02-27</subfield>
    <subfield code="e">Himalaya publishing house</subfield>
    <subfield code="g">350.00</subfield>
    <subfield code="i">A006047</subfield>
    <subfield code="l">0</subfield>
    <subfield code="o">332.1 JHA B10832</subfield>
    <subfield code="p">HIMR-BK-10832</subfield>
    <subfield code="r">2023-01-25 00:00:00</subfield>
    <subfield code="v">262.00</subfield>
    <subfield code="w">2011-11-16</subfield>
    <subfield code="y">BK</subfield>
    <subfield code="z">B10832</subfield>
  </datafield>
  <datafield tag="952" ind1=" " ind2=" ">
    <subfield code="0">0</subfield>
    <subfield code="1">0</subfield>
    <subfield code="4">0</subfield>
    <subfield code="7">0</subfield>
    <subfield code="a">HIMR</subfield>
    <subfield code="b">HIMR</subfield>
    <subfield code="d">2013-07-08</subfield>
    <subfield code="e">Satya Gilani</subfield>
    <subfield code="o">332.1 JHA DB1915</subfield>
    <subfield code="p">HIMR-DB-1915</subfield>
    <subfield code="r">2023-01-25 00:00:00</subfield>
    <subfield code="w">2013-07-08</subfield>
    <subfield code="y">DB</subfield>
    <subfield code="z">DB1915</subfield>
  </datafield>
</record>
